000 00531nam a2200181Ia 4500
999 _c14483
_d14483
003 OSt
005 20201113143355.0
008 190216s9999||||xx |||||||||||||| ||und||
020 _a007463254
040 _coclc
082 _a421
_bMON/C
100 _aMonippally, Matthew M
_96555
245 4 _aThe Craft of Business Letter Writing /
_cMatthew M Monippally
260 _bTata Mcgrawhill Publishers,
_c2005.
_aNew delhi:
300 _a235p
650 _aEnglish
942 _cBK
_2ddc
_h421
_iMON/C
_k421
_mMON/C